| Tag |
First Indicator |
Second Indicator |
Subfields |
| LEADER |
00000cam a2200000 4500 |
| 001 |
in00000449653 |
| 005 |
20151012082628.0 |
| 008 |
790405s1926 ilu 00000 eng |
| 010 |
|
|
|a 26015513
|
| 035 |
|
|
|a (OCoLC)04826276
|
| 035 |
|
|
|9 ABX8720AM
|
| 040 |
|
|
|a DLC
|c CLE
|d TXA
|d UtOrBLW
|
| 049 |
|
|
|a TXAM
|c [183871]
|
| 050 |
|
0 |
|a HD5650
|b .D8
|
| 092 |
|
|
|a 331.880973
|b D923a
|
| 100 |
1 |
|
|a Dunn, Robert W.
|q (Robert Williams),
|d 1895-
|
| 245 |
1 |
0 |
|a American company unions ;
|b a study of employee representation plans, "works councils" and other substitutes for labor unions /
|c by Robert W. Dunn, with conclusion and a program for the fight against company unionism by William Z. Foster.
|
| 264 |
|
1 |
|a Chicago, Ill. :
|b The Trade union educational league,
|c [1926]
|
| 300 |
|
|
|a 1 page ., 66 pages ;
|c 20 cm.
|
| 336 |
|
|
|a text
|b txt
|2 rdacontent
|
| 337 |
|
|
|a unmediated
|b n
|2 rdamedia
|
| 338 |
|
|
|a volume
|b nc
|2 rdacarrier
|
| 490 |
1 |
|
|a Labor herald library, no. 15
|
| 500 |
|
|
|a Cover-title: Company unions.
|
| 650 |
|
0 |
|a Management
|x Employee participation.
|
| 650 |
|
0 |
|a Labor unions
|z United States.
|
| 740 |
0 |
|
|a Company unions.
|
| 830 |
|
0 |
|a Labor herald library, Chicago ;
|v no. 15.
|
| 999 |
|
|
|a MARS
|
| 999 |
f |
f |
|s d154b70d-294c-3a34-9c4a-9affcb3aa516
|i d6496499-cbc4-3483-8dc8-095adcb53f42
|t 0
|
| 952 |
f |
f |
|p ric
|a Texas A&M University
|b Rellis Campus
|c Joint Library Facility
|d Remote Storage
|t 0
|e HD5650 .D8
|h Library of Congress classification
|i unmediated -- volume
|m A14800724512
|
| 998 |
f |
f |
|a HD5650 .D8
|t 0
|l Remote Storage
|